[Event "C.to Europeo U16 femminile"]
[Site "Fermo ITA"]
[Date "2009.09.07"]
[Round "7"]
[White "Sop, Selen"]
[Black "Vasilescu, Maria"]
[Result "1-0"]
[WhiteElo "1893"]
[BlackElo "1761"]
[PlyCount "127"]
[EventDate "2009.08.31"]

1. c4 e5 2. g3 Nf6 3. Bg2 d5 4. cxd5 Nxd5 5. Nc3 Nb6 6. Nf3 Nc6 7. O-O Bg4 8.
a3 Be7 9. b4 f5 10. b5 Bxf3 11. Bxf3 e4 12. Bxe4 fxe4 13. bxc6 bxc6 14. Qc2 Qd7
15. Nxe4 O-O-O 16. a4 h5 17. a5 Nd5 18. Qb3 h4 19. Rb1 Qf5 20. Qf3 Qxf3 21.
exf3 Bb4 22. a6 Rhf8 23. Rb3 c5 24. Ba3 Bxa3 25. Rxa3 Nb4 26. Kg2 hxg3 27. fxg3
Rfe8 28. Ra5 Re6 29. Nxc5 Rxd2+ 30. Rf2 Rxf2+ 31. Kxf2 Re5 32. Nb3 Rxa5 33.
Nxa5 Nxa6 34. h4 Kd7 35. Ke3 Nc5 36. Kd4 Kd6 37. f4 Ne6+ 38. Ke4 Kc5 39. Nb3+
Kb4 40. f5 Nf8 41. Nd4 Kc5 42. g4 a5 43. g5 a4 44. h5 a3 45. f6 g6 46. hxg6
Nxg6 47. Nc2 a2 48. Kf5 Nh4+ 49. Ke6 Ng6 50. f7 Kc4 51. Kf6 Nf8 52. g6 Nxg6 53.
Kxg6 Kc3 54. Na1 Kb2 55. f8=Q Kxa1 56. Qf6+ Kb1 57. Qf5+ Kb2 58. Qb5+ Kc2 59.
Qa4+ Kb2 60. Qb4+ Kc2 61. Qa3 Kb1 62. Qb3+ Ka1 63. Qc2 c5 64. Qc1# 1-0

[Event "C.to Europeo U16 femminile"]
[Site "Fermo ITA"]
[Date "2009.09.07"]
[Round "7"]
[White "Soylemez, Cansu"]
[Black "Miladinovic, Lena"]
[Result "0-1"]
[WhiteElo "1879"]
[BlackElo "2026"]
[PlyCount "114"]
[EventDate "2009.08.31"]

1. d4 Nf6 2. c4 e6 3. Nf3 Bb4+ 4. Nbd2 d6 5. Qc2 Qe7 6. a3 Bxd2+ 7. Bxd2 e5 8.
dxe5 dxe5 9. e3 Bg4 10. Bc3 Bxf3 11. gxf3 O-O 12. Bd3 Nbd7 13. b4 a5 14. Ke2
Qe6 15. Rhg1 axb4 16. axb4 Rxa1 17. Rxa1 Re8 18. Rg1 Qh3 19. Rg3 Qh4 20. Bb2 g6
21. Bf5 Qh5 22. Bxd7 Nxd7 23. Qe4 Ra8 24. h4 Ra2 25. Qb1 Ra4 26. Qd1 Ra2 27.
Qb1 Ra6 28. Qe4 Ra2 29. Qb1 Ra8 30. Qe4 h6 31. Kf1 Ra2 32. Bc3 Kf8 33. Kg2 c6
34. b5 Qf5 35. Bb4+ c5 36. Qxf5 gxf5 37. Be1 Rc2 38. f4 e4 39. Kf1 Rxc4 40. f3
Rc2 41. fxe4 fxe4 42. Rg2 Rxg2 43. Kxg2 Ke7 44. Bc3 Ke6 45. Kg3 h5 46. Kf2 f5
47. Ke2 Kd5 48. Kd2 Kc4 49. Bg7 Kxb5 50. Kc3 Nb6 51. Bf8 Nc4 52. Be7 Nxe3 53.
Kd2 Nd5 54. Bd6 Kc4 55. Be5 b5 56. Kc2 Ne3+ 57. Kb2 Ng2 0-1

[Event "C.to Europeo U16 femminile"]
[Site "Fermo ITA"]
[Date "2009.09.07"]
[Round "7"]
[White "Suarez Calvo, Alesandra"]
[Black "Gunther, Marcella"]
[Result "1-0"]
[WhiteElo "2023"]
[BlackElo "1857"]
[PlyCount "51"]
[EventDate "2009.08.31"]

1. e4 e5 2. Nf3 Nc6 3. d4 exd4 4. Nxd4 Bc5 5. Be3 Qf6 6. c3 Nge7 7. Bc4 Ne5 8.
Bb3 Qg6 9. O-O d6 10. Kh1 O-O 11. f4 N5c6 12. Nd2 Bg4 13. Qe1 Bd7 14. Rf3 Qf6
15. Qf2 Ng6 16. Rg3 Rfe8 17. f5 Nge7 18. Bg5 Qe5 19. Bh6 Bxd4 20. cxd4 Qxd4 21.
Qxd4 Nxd4 22. Rxg7+ Kh8 23. Bxf7 Red8 24. Rg4 Nexf5 25. exf5 Nxf5 26. Bg5 1-0

[Event "C.to Europeo U16 femminile"]
[Site "Fermo ITA"]
[Date "2009.09.07"]
[Round "7"]
[White "Tsarouha, Marianthi"]
[Black "Dines, Sheila J."]
[Result "0-1"]
[WhiteElo "1763"]
[BlackElo "1936"]
[PlyCount "94"]
[EventDate "2009.08.31"]

1. d4 d5 2. c4 e6 3. Nc3 c5 4. cxd5 cxd4 5. Qxd4 Nc6 6. Qd1 exd5 7. Qxd5 Bd7 8.
e4 Nf6 9. Qd1 Bc5 10. Bc4 Qb6 11. Qe2 Ne5 12. Bb5 O-O-O 13. Bxd7+ Rxd7 14. Nh3
Nd3+ 15. Kf1 Qc6 16. Bg5 h6 17. Bxf6 Qxf6 18. Nd5 Qxb2 19. Qxb2 Nxb2 20. Rc1 b6
21. f3 Kb7 22. Rc2 Bd4 23. Nhf4 g5 24. Ne2 Bg7 25. g3 f5 26. Ndc3 Nc4 27. Kf2
Rf8 28. Rhc1 Ne5 29. Kg2 fxe4 30. fxe4 Ng4 31. Nd5 Be5 32. h3 Nf2 33. Nec3 Nxe4
34. Nxe4 Rxd5 35. Rc6 Rd4 36. R1c4 Rd3 37. Rg6 Re3 38. Nd6+ Bxd6 39. Rxd6 Re2+
40. Kg1 Rf3 41. Rxh6 Rxg3+ 42. Kh1 Rf3 43. Rh7+ Ka6 44. Rc1 Rff2 45. Rh5 Rh2+
46. Kg1 Reg2+ 47. Kf1 Rg3 0-1

[Event "C.to Europeo U16 femminile"]
[Site "Fermo ITA"]
[Date "2009.09.07"]
[Round "7"]
[White "Turkova, Karolina"]
[Black "Yashchenko, Olena"]
[Result "1-0"]
[WhiteElo "1787"]
[BlackElo "1645"]
[PlyCount "71"]
[EventDate "2009.08.31"]

1. e4 c6 2. d4 d5 3. exd5 cxd5 4. c4 Nf6 5. Nc3 e6 6. Nf3 Nc6 7. a3 g6 8. Bg5
Bg7 9. cxd5 exd5 10. Be2 O-O 11. O-O Be6 12. Rc1 Rc8 13. Re1 h6 14. Bf4 Ne4 15.
h3 f5 16. h4 Kh7 17. g3 Bf6 18. Kg2 g5 19. hxg5 hxg5 20. Rh1+ Kg6 21. Ne5+ Nxe5
22. Bxe5 Bxe5 23. dxe5 Qb6 24. Bh5+ Kg7 25. Nxe4 dxe4 26. Qd2 Qd8 27. Qb4 Rxc1
28. Rxc1 b6 29. Qa4 Qb8 30. Qd4 g4 31. Rc6 Rd8 32. Qe3 Bd5 33. Qh6+ Kg8 34.
Rg6+ Kf7 35. Rg7+ Kf8 36. Qh8+ 1-0

[Event "C.to Europeo U16 femminile"]
[Site "Fermo ITA"]
[Date "2009.09.07"]
[Round "7"]
[White "Uusitupa, Erika"]
[Black "Haast, Anne"]
[Result "0-1"]
[WhiteElo "1691"]
[BlackElo "2158"]
[PlyCount "108"]
[EventDate "2009.08.31"]

1. e4 e5 2. Nf3 Nc6 3. Bb5 a6 4. Ba4 Nf6 5. Qe2 b5 6. Bb3 Bd6 7. c3 O-O 8. O-O
h6 9. d4 Re8 10. Bc2 Bf8 11. Nxe5 Nxe5 12. dxe5 Rxe5 13. Bf4 Re8 14. e5 Bb7 15.
Qd1 Nd5 16. Qd3 g6 17. Bg3 d6 18. exd6 Bxd6 19. Bxd6 Qxd6 20. Nd2 Nf4 21. Qxd6
cxd6 22. f3 Re2 23. Rf2 Rae8 24. Ne4 Bxe4 25. fxe4 Rxf2 26. Kxf2 d5 27. Re1 Kf8
28. exd5 Rxe1 29. Kxe1 Nxg2+ 30. Kd2 Ke7 31. a4 Nf4 32. axb5 axb5 33. Bd3 b4
34. c4 Kd6 35. Bf1 g5 36. Ke3 Ke5 37. b3 f5 38. h3 h5 39. Kf3 h4 40. Ke3 Nh5
41. Bg2 Nf6 42. Bf3 g4 43. hxg4 fxg4 44. Bg2 h3 45. Bh1 Nd7 46. d6 g3 47. Bf3
Kxd6 48. Bg4 h2 49. Bf3 Nc5 50. Kf4 Nxb3 51. Kxg3 Nd2 52. Bg2 b3 53. Kxh2 b2
54. Be4 Nxe4 0-1

[Event "C.to Europeo U16 femminile"]
[Site "Fermo ITA"]
[Date "2009.09.07"]
[Round "7"]
[White "Venturelli, Ester"]
[Black "Aguiar Neves, Marta Cristina"]
[Result "1/2-1/2"]
[WhiteElo "1572"]
[BlackElo "1418"]
[PlyCount "95"]
[EventDate "2009.08.31"]

1. e4 e6 2. d4 d5 3. Nc3 Nf6 4. Bg5 Be7 5. Bxf6 Bxf6 6. exd5 exd5 7. Nf3 Be6 8.
Be2 O-O 9. O-O c6 10. Qd2 Nd7 11. Rad1 Qc7 12. Bd3 g6 13. Rfe1 Rae8 14. Re2 Bg4
15. Rde1 Rxe2 16. Bxe2 Re8 17. Bd1 Rxe1+ 18. Nxe1 Bf5 19. g3 Kg7 20. Ng2 Qb6
21. b3 Qxd4 22. Qxd4 Bxd4 23. Ne2 Bf6 24. Ne3 Be4 25. Nf4 Ne5 26. Ng4 Nxg4 27.
Bxg4 Bxc2 28. Bc8 c5 29. Nxd5 b6 30. Ba6 Bb1 31. a4 Bc2 32. Bc4 Bd8 33. Kf1 a6
34. Ne3 b5 35. axb5 axb5 36. Nxc2 bxc4 37. bxc4 f6 38. Ke2 Kf7 39. Ke3 Ke6 40.
Ne1 g5 41. Nd3 Be7 42. f4 h6 43. g4 f5 44. h3 fxg4 45. hxg4 gxf4+ 46. Kxf4 Bd6+
47. Ke4 Bf8 48. Nf2 1/2-1/2

[Event "C.to Europeo U16 femminile"]
[Site "Fermo ITA"]
[Date "2009.09.07"]
[Round "7"]
[White "Venturelli, Miriam"]
[Black "Martin Fuentes, Paula"]
[Result "1/2-1/2"]
[WhiteElo "1520"]
[BlackElo "1547"]
[PlyCount "97"]
[EventDate "2009.08.31"]

1. e4 e6 2. d4 d5 3. e5 c5 4. c3 Qb6 5. Nf3 Nc6 6. b3 Bd7 7. Na3 cxd4 8. Nb5
dxc3 9. Nxc3 Bb4 10. Bd2 a6 11. Bd3 Qc7 12. Qe2 f6 13. exf6 Nxf6 14. O-O Bxc3
15. Bxc3 O-O-O 16. Ne5 Nxe5 17. Bxe5 Qb6 18. Rac1+ Bc6 19. Bxf6 gxf6 20. Qxe6+
Kb8 21. Qxf6 h5 22. Qe5+ Ka8 23. Be2 Rde8 24. Qb2 Reg8 25. Bf3 h4 26. h3 Rh7
27. Rfd1 Rd7 28. Qd4 Qd8 29. Rc5 Rdg7 30. Bg4 Qe7 31. Rc3 Qg5 32. Qe3 Qg6 33.
Qd3 Qf6 34. Bf3 d4 35. Rxc6 bxc6 36. Qxa6+ Kb8 37. Qxc6 Qxc6 38. Bxc6 Rd8 39.
b4 d3 40. Rd2 Re7 41. Kf1 Rd6 42. Bb5 Rde6 43. f3 Re1+ 44. Kf2 R1e2+ 45. Rxe2
Rxe2+ 46. Kf1 Re3 47. Kf2 Re2+ 48. Kf1 Re3 49. Kf2 1/2-1/2

[Event "C.to Europeo U16 femminile"]
[Site "Fermo ITA"]
[Date "2009.09.07"]
[Round "7"]
[White "Vince, Andrea"]
[Black "Kazimova, Narmin Nizami Qizi"]
[Result "0-1"]
[WhiteElo "2092"]
[BlackElo "2218"]
[PlyCount "80"]
[EventDate "2009.08.31"]

1. c4 e5 2. Nc3 Nc6 3. e3 Nf6 4. Nf3 d5 5. cxd5 Nxd5 6. Bb5 Nxc3 7. bxc3 Bd6 8.
d4 exd4 9. cxd4 Bd7 10. O-O O-O 11. Rb1 a6 12. Bd3 Nb4 13. Re1 Nxd3 14. Qxd3
Bb5 15. Qc2 f5 16. d5 Rb8 17. e4 fxe4 18. Rxe4 Bd7 19. Bg5 Qc8 20. Nd4 Bf5 21.
Ne6 Rf7 22. Rbe1 Qd7 23. Qa4 Bxe4 24. Qxe4 c6 25. dxc6 bxc6 26. f4 Bb4 27. Rc1
Qd5 28. Qxd5 cxd5 29. Rc6 h6 30. Bd8 a5 31. Ra6 Bd2 32. g3 Rd7 33. Bxa5 Bxa5
34. Rxa5 d4 35. Nc5 Rd5 36. Nb3 Rxa5 37. Nxa5 Rb2 38. Nb3 d3 39. Kf1 Rxa2 40.
Ke1 Rxh2 0-1

[Event "C.to Europeo U16 femminile"]
[Site "Fermo ITA"]
[Date "2009.09.08"]
[Round "8"]
[White "Adamowicz, Katarzyna"]
[Black "Danelia, Mariam"]
[Result "1-0"]
[WhiteElo "2121"]
[BlackElo "2151"]
[PlyCount "55"]
[EventDate "2009.08.31"]

1. e4 c5 2. Nf3 d6 3. d4 cxd4 4. Nxd4 Nf6 5. Nc3 a6 6. g3 e5 7. Nde2 Be7 8. Bg2
O-O 9. a4 Nbd7 10. O-O b6 11. h3 Bb7 12. g4 b5 13. axb5 axb5 14. Rxa8 Bxa8 15.
Ng3 b4 16. Nd5 Nxd5 17. exd5 Bg5 18. Bd2 Bxd2 19. Qxd2 Qb6 20. Nf5 Re8 21. Ra1
g6 22. Ne3 Qc5 23. Ra4 Rb8 24. g5 Kg7 25. Ng4 Nb6 26. Rxb4 Nc4 27. Rxb8 Qc7 28.
Qb4 1-0

[Event "C.to Europeo U16 femminile"]
[Site "Fermo ITA"]
[Date "2009.09.08"]
[Round "8"]
[White "Aguiar Neves, Marta Cristina"]
[Black "Gijsen, Michelle"]
[Result "1/2-1/2"]
[WhiteElo "1418"]
[BlackElo "1679"]
[PlyCount "73"]
[EventDate "2009.08.31"]

1. c4 e5 2. Nc3 Nc6 3. g3 f5 4. Bg2 Nf6 5. d3 Bb4 6. Bd2 O-O 7. e3 d6 8. Nge2
a6 9. a4 h6 10. O-O Kh8 11. Rb1 g5 12. d4 Qd7 13. dxe5 Nxe5 14. b3 Qf7 15. Nd5
Bxd2 16. Qxd2 Nxd5 17. cxd5 Qh5 18. f4 Ng4 19. h3 Nf6 20. Kh2 Ne4 21. Qd4+ Kg8
22. Nc3 Bd7 23. Nxe4 fxe4 24. Rbc1 Rac8 25. Qxe4 Bf5 26. Qd4 Bxh3 27. fxg5
Bxg2+ 28. Kxg2 Qe2+ 29. Kg1 hxg5 30. Qe4 Qh5 31. Qe6+ Kh8 32. Rxf8+ Rxf8 33.
Qd7 Qf3 34. Qh3+ Kg8 35. Qe6+ Kh8 36. Qh6+ Kg8 37. Qxg5+ 1/2-1/2

[Event "C.to Europeo U16 femminile"]
[Site "Fermo ITA"]
[Date "2009.09.08"]
[Round "8"]
[White "Bogdan, Ekaterina"]
[Black "Arnatskaya, Zoya"]
[Result "1-0"]
[WhiteElo "1943"]
[BlackElo "1847"]
[PlyCount "69"]
[EventDate "2009.08.31"]

1. e4 c5 2. Nf3 e6 3. d4 cxd4 4. Nxd4 Nf6 5. Nc3 d6 6. Bd3 a6 7. O-O b5 8. a3
Bb7 9. f4 Qc7 10. Kh1 Be7 11. f5 e5 12. Nb3 Nbd7 13. Qf3 O-O 14. Be3 Rac8 15.
Rad1 Nb6 16. Bxb6 Qxb6 17. Nd5 Bxd5 18. exd5 Qb7 19. Be4 Bd8 20. Qe2 Bb6 21. g4
Nxe4 22. Qxe4 Rc4 23. Qg2 Rfc8 24. c3 Qe7 25. Nd2 R4c7 26. f6 Qf8 27. fxg7 Qxg7
28. Ne4 Rd8 29. Rf6 Rcd7 30. Rf5 Kh8 31. Qh3 f6 32. Nxf6 Rf7 33. Rdf1 Rdf8 34.
Nxh7 Kg8 35. Nxf8 1-0

[Event "C.to Europeo U16 femminile"]
[Site "Fermo ITA"]
[Date "2009.09.08"]
[Round "8"]
[White "Brunello, Marina"]
[Black "Bukhteeva, Viktoria"]
[Result "0-1"]
[WhiteElo "2159"]
[BlackElo "2175"]
[PlyCount "74"]
[EventDate "2009.08.31"]

1. e4 e5 2. Nf3 Nc6 3. d4 exd4 4. Nxd4 Bc5 5. Be3 Qf6 6. c3 Qg6 7. Nd2 Nf6 8.
Qc2 Ng4 9. N2b3 Nxe3 10. fxe3 Bb6 11. Nxc6 bxc6 12. Nd4 Qg5 13. Qf2 O-O 14. Bd3
d5 15. exd5 cxd5 16. O-O c5 17. Nf3 Qh6 18. c4 Bb7 19. Ne5 Bc7 20. Ng4 Qg5 21.
h3 h5 22. Nh2 Rae8 23. Nf3 Qxe3 24. Qxe3 Rxe3 25. Rad1 d4 26. Nh2 Rg3 27. Rf2
Re8 28. Nf1 Rg5 29. Be2 Rxg2+ 30. Rxg2 Bxg2 31. Bxh5 Bxh3 32. Bf3 Re5 33. Kf2
Rf5 34. Ke2 g5 35. Nd2 g4 36. Be4 Re5 37. Kd3 f5 0-1

[Event "C.to Europeo U16 femminile"]
[Site "Fermo ITA"]
[Date "2009.09.08"]
[Round "8"]
[White "Cavalli, Benedetta"]
[Black "Meireles, Ana"]
[Result "0-1"]
[WhiteElo "1521"]
[BlackElo "1611"]
[PlyCount "38"]
[EventDate "2009.08.31"]

1. e4 e6 2. d4 d5 3. Nc3 dxe4 4. Nxe4 Nd7 5. Nf3 Ngf6 6. Nxf6+ Nxf6 7. Bd3 Be7
8. Qe2 O-O 9. Bg5 c5 10. c3 cxd4 11. Nxd4 Qa5 12. Bh4 e5 13. Nf3 e4 14. Bxe4
Nxe4 15. Qxe4 Bf5 16. Qxb7 Bxh4 17. Nxh4 Rfe8+ 18. Kf1 Qxa2 19. Qxa8 Qxa1# 0-1

[Event "C.to Europeo U16 femminile"]
[Site "Fermo ITA"]
[Date "2009.09.08"]
[Round "8"]
[White "Collado Barbas, Laura"]
[Black "Bochis, Julia"]
[Result "1-0"]
[WhiteElo "2055"]
[BlackElo "2053"]
[PlyCount "137"]
[EventDate "2009.08.31"]

1. d4 Nf6 2. c4 g6 3. Nf3 Bg7 4. Nc3 d5 5. Bg5 Ne4 6. cxd5 Nxg5 7. Nxg5 e6 8.
Qd2 exd5 9. Qe3+ Kf8 10. Qf4 Bf6 11. h4 h6 12. Nf3 Kg7 13. O-O-O Be6 14. g4 c5
15. Bg2 Nc6 16. g5 Bxd4 17. Nxd4 cxd4 18. Nb5 Qe7 19. Nxd4 Rac8 20. Kb1 h5 21.
Bh3 Rcd8 22. Nxc6 bxc6 23. Qd4+ Kh7 24. Bxe6 fxe6 25. Rc1 Rc8 26. Qc5 Qf7 27.
Ka1 Rhf8 28. f3 Rc7 29. Qd6 Rfc8 30. Rc5 Qe7 31. Qxe7+ Rxe7 32. Rhc1 Rec7 33.
b4 a6 34. a3 Kg7 35. Kb2 Kf7 36. Kc3 Ke7 37. f4 Kd6 38. Kd4 Rb8 39. e4 Rf8 40.
Rf1 Rcf7 41. e5+ Kc7 42. Ke3 Kb7 43. a4 Ra8 44. b5 cxb5 45. axb5 axb5 46. Rxb5+
Kc6 47. Rb4 Kc5 48. Rb2 Kc6 49. Rc1+ Kd7 50. Rb6 Re7 51. Rcc6 Rae8 52. Kd4 Rf8
53. Rd6+ Kc7 54. Rbc6+ Kb7 55. Rxe6 Rxf4+ 56. Kxd5 Rxe6 57. Rxe6 Rxh4 58. Rxg6
Rg4 59. Ke6 Kc7 60. Ke7 h4 61. Kf6 Rf4+ 62. Ke6 h3 63. Rh6 Rg4 64. g6 h2 65.
Kf7 Rf4+ 66. Kg8 Re4 67. Rxh2 Rxe5 68. g7 Re8+ 69. Kf7 1-0

[Event "C.to Europeo U16 femminile"]
[Site "Fermo ITA"]
[Date "2009.09.08"]
[Round "8"]
[White "Dines, Sheila J."]
[Black "Soylemez, Cansu"]
[Result "1-0"]
[WhiteElo "1936"]
[BlackElo "1879"]
[PlyCount "43"]
[EventDate "2009.08.31"]

1. e4 c5 2. Nf3 Nc6 3. c3 Nf6 4. e5 Nd5 5. d4 cxd4 6. Bc4 Nb6 7. Bb3 e6 8. cxd4
d6 9. exd6 Bxd6 10. O-O O-O 11. Nc3 a6 12. a3 Qc7 13. Qd3 e5 14. Ng5 g6 15.
Nxh7 Kxh7 16. Qe3 Bf5 17. Qh6+ Kg8 18. g4 Bxg4 19. Qxg6+ Kh8 20. Qf6+ Kh7 21.
Bc2+ Kg8 22. Bh6 1-0

[Event "C.to Europeo U16 femminile"]
[Site "Fermo ITA"]
[Date "2009.09.08"]
[Round "8"]
[White "Edes, Zsofia"]
[Black "Kolomaznikova, Barbora"]
[Result "0-1"]
[WhiteElo "1924"]
[BlackElo "1864"]
[PlyCount "114"]
[EventDate "2009.08.31"]

1. d4 Nf6 2. c4 e6 3. Nc3 Bb4 4. Qc2 c5 5. a3 Qa5 6. e3 Nc6 7. Nf3 Bxc3+ 8.
bxc3 O-O 9. Bd3 d6 10. Rb1 Qc7 11. O-O b6 12. Qe2 Ba6 13. Bb2 Na5 14. Rbc1 Rac8
15. d5 Qe7 16. Rcd1 Rce8 17. Rfe1 Qd7 18. Qf1 Qa4 19. Nd2 Ng4 20. f4 exd5 21.
cxd5 c4 22. Be4 f5 23. Qf3 Bc8 24. Bb1 Rxe3 25. Rxe3 Nxe3 26. Re1 Ng4 27. Re7
Rf7 28. Re2 Qb5 29. Nf1 Qc5+ 30. Kh1 Nf6 31. Ne3 g6 32. h3 Bb7 33. Qg3 Kf8 34.
Qh4 Bxd5 35. Qh6+ Kg8 36. Bxf5 gxf5 37. Nxf5 Qc7 38. Re3 Ne4 39. Bc1 Rxf5 40.
Rxe4 Bxe4 41. Qe6+ Qf7 42. Qxe4 d5 43. Qf3 Nb3 44. Be3 Rf6 45. g4 h5 46. f5
hxg4 47. hxg4 Nc5 48. Bd4 Rh6+ 49. Kg2 Ne4 50. Qf4 Rh4 51. Kf3 Qe7 52. f6 Qf7
53. Kg2 Qd7 54. Kf3 Rh3+ 55. Ke2 Rg3 56. Qh6 Qxg4+ 57. Ke1 Rh3 0-1

[Event "C.to Europeo U16 femminile"]
[Site "Fermo ITA"]
[Date "2009.09.08"]
[Round "8"]
[White "Forsa, Elise"]
[Black "Bluebaum, Johanna"]
[Result "0-1"]
[WhiteElo "1728"]
[BlackElo "2008"]
[PlyCount "80"]
[EventDate "2009.08.31"]

1. e4 e6 2. d4 d5 3. Nc3 Bb4 4. e5 Ne7 5. a3 Bxc3+ 6. bxc3 c5 7. Qg4 O-O 8. Bd3
f5 9. exf6 Rxf6 10. Bg5 Rf7 11. Qh5 g6 12. Qd1 Nbc6 13. Nf3 Bd7 14. O-O Qf8 15.
a4 Rc8 16. Re1 Nf5 17. Bxf5 Rxf5 18. Bc1 Qf6 19. Qd2 Rxf3 20. gxf3 cxd4 21. Bb2
Ne5 22. Rxe5 Qxe5 23. cxd4 Qf5 24. c3 Qxf3 25. Qe3 Qg4+ 26. Kh1 Rf8 27. a5 Qh4
28. Kg2 Rf4 29. Rf1 g5 30. Kh1 h6 31. Ba3 Qh5 32. Bd6 Re4 33. Qg3 Bb5 34. Rb1
Be2 35. f4 Bf3+ 36. Kg1 Re2 37. Kf1 Rxh2 38. Rxb7 Rc2 39. Rb1 Qh1+ 40. Qg1 Bg2+
0-1

[Event "C.to Europeo U16 femminile"]
[Site "Fermo ITA"]
[Date "2009.09.08"]
[Round "8"]
[White "Fransson, Angelina"]
[Black "Schulz, Anja"]
[Result "1/2-1/2"]
[WhiteElo "1844"]
[BlackElo "1987"]
[PlyCount "109"]
[EventDate "2009.08.31"]

1. e4 c5 2. Nf3 e6 3. d3 d5 4. Nbd2 Nc6 5. g3 g6 6. Bg2 Bg7 7. O-O Nge7 8. exd5
exd5 9. d4 c4 10. c3 O-O 11. Re1 b5 12. Nf1 b4 13. Bf4 f6 14. h4 h6 15. Bd2 Rb8
16. Ne3 a5 17. Nh2 g5 18. Qf3 Rb5 19. Bf1 Kh7 20. b3 bxc3 21. Bxc3 Bb7 22. hxg5
fxg5 23. Qd1 Rb4 24. Bxb4 axb4 25. bxc4 Nxd4 26. Rb1 dxc4 27. Bxc4 Qc8 28. Bf1
Nef5 29. Qd3 Kh8 30. Rbc1 Qa8 31. Nxf5 Nxf5 32. Rb1 Qxa2 33. Qc4 Qa7 34. Qb3
Bd4 35. Re2 Nh4 36. Re3 Nf5 37. Qxb4 Rf7 38. Re2 Nxg3 39. Re8+ Kg7 40. Ng4
Bxf2+ 41. Kh2 Bg1+ 42. Kh3 Nxf1 43. Rxf1 Bc5 44. Qb2+ Bd4 45. Rxf7+ Kxf7 46.
Qe2 Qa3+ 47. Kh2 Qd6+ 48. Kh3 Bc6 49. Re7+ Qxe7 50. Nxh6+ Ke8 51. Qxe7+ Kxe7
52. Nf5+ Kf6 53. Nxd4 Bd7+ 54. Kg3 Kg6 55. Nf3 1/2-1/2

[Event "C.to Europeo U16 femminile"]
[Site "Fermo ITA"]
[Date "2009.09.08"]
[Round "8"]
[White "Fur, Katinka"]
[Black "Turkova, Karolina"]
[Result "1-0"]
[WhiteElo "1925"]
[BlackElo "1787"]
[PlyCount "81"]
[EventDate "2009.08.31"]

1. d4 d5 2. Nf3 Nf6 3. c4 c6 4. Nc3 e6 5. cxd5 exd5 6. Bg5 Be7 7. Qc2 O-O 8. e3
Nbd7 9. Bd3 Re8 10. O-O Nf8 11. Rab1 Bg4 12. Nd2 Bh5 13. h3 Bg6 14. Bxg6 Nxg6
15. Bxf6 Bxf6 16. b4 Qd6 17. Rfc1 a6 18. Na4 Bd8 19. Nc5 Bc7 20. Nf3 Rab8 21.
a4 Rec8 22. Qf5 Rd8 23. Rc3 Bb6 24. Rcb3 Ne7 25. Qc2 Ng6 26. Rc3 Rdc8 27. Qf5
Rd8 28. Ng5 Qe7 29. b5 Bxc5 30. Rxc5 h6 31. Nf3 axb5 32. axb5 Qd6 33. Qc2 Ne7
34. Rc1 Rdc8 35. bxc6 bxc6 36. Ne5 Rb6 37. e4 Ra6 38. exd5 Nxd5 39. Nxf7 Qf6
40. Ne5 Rb6 41. Nd7 1-0

[Event "C.to Europeo U16 femminile"]
[Site "Fermo ITA"]
[Date "2009.09.08"]
[Round "8"]
[White "Haast, Anne"]
[Black "Bulmaga, Irina"]
[Result "1-0"]
[WhiteElo "2158"]
[BlackElo "2277"]
[PlyCount "91"]
[EventDate "2009.08.31"]

1. e4 c5 2. Nf3 e6 3. d4 cxd4 4. Nxd4 Nc6 5. Nc3 Qc7 6. Be3 Nf6 7. f4 Bb4 8.
Ndb5 Qa5 9. e5 Nd5 10. Bd2 Nxc3 11. bxc3 Bc5 12. c4 Qb6 13. Rb1 O-O 14. Nd6 Qc7
15. Bc3 f5 16. Be2 b6 17. Bf3 Ba6 18. Qd3 Rab8 19. Nb5 Qc8 20. h3 Bb7 21. g4
Qd8 22. Ke2 Ne7 23. Bxb7 Rxb7 24. Bd4 Ng6 25. Rbf1 Be7 26. Be3 Nh4 27. Rhg1 a6
28. Nd4 Bc5 29. gxf5 Nxf5 30. Nxf5 Rxf5 31. Rg5 Rxg5 32. fxg5 Bxe3 33. Qxe3 Rb8
34. h4 Rc8 35. Qf4 Qf8 36. Qxf8+ Rxf8 37. Rd1 Rf5 38. Rxd7 Rxe5+ 39. Kd3 Ra5
40. Rb7 Rxa2 41. Rxb6 e5 42. c5 Kf7 43. Rb7+ Kg6 44. c6 e4+ 45. Kc3 e3 46. c7
1-0

[Event "C.to Europeo U16 femminile"]
[Site "Fermo ITA"]
[Date "2009.09.08"]
[Round "8"]
[White "Hughes, Rhian"]
[Black "De Seroux, Camille"]
[Result "0-1"]
[WhiteElo "1850"]
[BlackElo "1950"]
[PlyCount "66"]
[EventDate "2009.08.31"]

1. c4 Nf6 2. Nc3 g6 3. g3 Bg7 4. Bg2 O-O 5. e4 d6 6. Nge2 c5 7. O-O Nc6 8. d3
a6 9. h3 Rb8 10. a4 Ne8 11. f4 Nc7 12. Rb1 Ne6 13. Be3 Ned4 14. Kh2 Bd7 15. g4
Qa5 16. f5 b5 17. axb5 axb5 18. cxb5 Nxb5 19. Nxb5 Qxb5 20. d4 cxd4 21. Bf4
Rfc8 22. Kh1 Qb3 23. Qd2 Qb4 24. Qd3 Na5 25. Bd2 Bb5 26. Bxb4 Bxd3 27. Bxa5
Bxe2 28. Rfe1 d3 29. Bf1 Bf3+ 30. Bg2 Bxg2+ 31. Kxg2 Rc2+ 32. Kh1 Rbxb2 33.
Rxb2 Rxb2 0-1

[Event "C.to Europeo U16 femminile"]
[Site "Fermo ITA"]
[Date "2009.09.08"]
[Round "8"]
[White "Kazimova, Narmin Nizami Qizi"]
[Black "Foisor, Mihaela-Veronica"]
[Result "1-0"]
[WhiteElo "2218"]
[BlackElo "2123"]
[PlyCount "105"]
[EventDate "2009.08.31"]

1. Nf3 g6 2. c4 c5 3. d4 Bg7 4. e4 Qb6 5. dxc5 Qxc5 6. Bd3 d6 7. O-O Nc6 8.
Nbd2 Nf6 9. a3 Qb6 10. Rb1 Be6 11. b4 Nd7 12. Ng5 Nde5 13. Nxe6 fxe6 14. Nb3
O-O 15. Be2 Rac8 16. Be3 Qc7 17. Rc1 Nd7 18. Bg4 Nd8 19. c5 Qb8 20. Nd4 Bxd4
21. Qxd4 Nf6 22. Bh3 Rc6 23. b5 Rxc5 24. Rxc5 dxc5 25. Qxc5 Nxe4 26. Qxe7 Qd6
27. Qxd6 Nxd6 28. Bc5 N8f7 29. Rd1 Rd8 30. Bxe6 Kg7 31. Bxf7 Nxf7 32. Rxd8 Nxd8
33. Bxa7 Kf6 34. Bb6 Nf7 35. a4 Nd6 36. Bc7 Nc8 37. a5 Ke6 38. a6 bxa6 39. bxa6
Kd7 40. Bf4 Kc6 41. Be3 Nd6 42. f4 Nb5 43. Kf2 Nc7 44. a7 Kd5 45. Kf3 Na8 46.
Kg4 Ke6 47. Kg5 Kf7 48. Kh6 Kg8 49. Bd2 Nc7 50. Ba5 Na8 51. h4 Kh8 52. h5 gxh5
53. Kxh5 1-0

[Event "C.to Europeo U16 femminile"]
[Site "Fermo ITA"]
[Date "2009.09.08"]
[Round "8"]
[White "Khalafova, Narmin Ilgar Qizi"]
[Black "Gunther, Marcella"]
[Result "1-0"]
[WhiteElo "1901"]
[BlackElo "1857"]
[PlyCount "119"]
[EventDate "2009.08.31"]

1. e4 e5 2. Nf3 Nc6 3. Bb5 a6 4. Ba4 Nge7 5. O-O g6 6. d4 exd4 7. Nxd4 b5 8.
Bb3 Bg7 9. Nxc6 Nxc6 10. Nc3 O-O 11. a4 b4 12. Nd5 Bb7 13. Bf4 d6 14. Qd2 Nd4
15. Ba2 Qh4 16. Rae1 Ne6 17. Bg3 Qd8 18. Qxb4 Rb8 19. Qd2 Bxb2 20. c3 Ba3 21.
Nf4 Nc5 22. Qd4 Bc6 23. h4 Nd7 24. Nd3 Ne5 25. Nxe5 dxe5 26. Qc4 Qe8 27. Bxe5
Bxa4 28. Qd4 c5 29. Qd6 Qc6 30. Qxc6 Bxc6 31. Bxb8 Rxb8 32. f4 Rb2 33. Rf2 c4
34. Rxb2 Bxb2 35. Bxc4 Bxc3 36. Re2 a5 37. Kh2 Bb4 38. e5 Bd7 39. e6 Bxe6 40.
Bxe6 fxe6 41. Rxe6 Kf7 42. Ra6 h5 43. Kg3 Be1+ 44. Kf3 Bxh4 45. Rxa5 Be7 46.
Ke4 Bd6 47. Ra6 Bb4 48. f5 gxf5+ 49. Kxf5 h4 50. Ra7+ Ke8 51. Rh7 Be1 52. Kg4
Kf8 53. Rxh4 Bxh4 54. Kxh4 Kf7 55. Kg5 Kf8 56. Kg6 Kg8 57. g4 Kh8 58. Kh6 Kg8
59. g5 Kh8 60. g6 1-0

[Event "C.to Europeo U16 femminile"]
[Site "Fermo ITA"]
[Date "2009.09.08"]
[Round "8"]
[White "Krumova, Ani"]
[Black "Meseljyan, Astghik"]
[Result "1/2-1/2"]
[WhiteElo "1904"]
[BlackElo "1774"]
[PlyCount "133"]
[EventDate "2009.08.31"]

1. e4 e5 2. Nc3 Nf6 3. f4 d6 4. Nf3 Nbd7 5. Bc4 Be7 6. d3 c6 7. O-O O-O 8. Qe1
b5 9. Bb3 Nc5 10. fxe5 dxe5 11. Be3 Ng4 12. Kh1 a5 13. Bxc5 Bxc5 14. a4 Ne3 15.
Rf2 b4 16. Ne2 Ng4 17. Rf1 Qb6 18. h3 Ne3 19. Ng5 Nxf1 20. Qh4 h6 21. Nxf7 Rxf7
22. Rxf1 Raa7 23. d4 Bxd4 24. Nxd4 Qxd4 25. Qh5 Kh7 26. Bxf7 Qxe4 27. Bb3 g6
28. Qf3 Qxf3 29. Rxf3 Bf5 30. Re3 Re7 31. g4 Be6 32. Bxe6 Rxe6 33. Kg2 Kg7 34.
Rd3 Kf6 35. Rd7 e4 36. Kf2 e3+ 37. Ke2 Kg5 38. Rh7 Kf4 39. Rf7+ Kg3 40. Rf3+
Kh4 41. Ke1 e2 42. b3 Kg5 43. Rd3 Kf4 44. Rd4+ Kg3 45. Rd3+ Kh4 46. Rf3 h5 47.
gxh5 gxh5 48. Rf5 Re3 49. Rxa5 Rc3 50. Kxe2 Rxc2+ 51. Kd1 Rc3 52. Ra6 Kxh3 53.
Rb6 Rxb3 54. Rxc6 Ra3 55. Rc5 h4 56. a5 Kg3 57. Rg5+ Kh2 58. Rb5 h3 59. Rxb4
Rxa5 60. Ke1 Rf5 61. Rg4 Rf3 62. Ke2 Rg3 63. Rf4 Ra3 64. Rf7 Kg2 65. Rf2+ Kg3
66. Rf8 Ra4 67. Rg8+ 1/2-1/2